Babylon / (Record no. 22636)

000 -LEADER
fixed length control field 01451nam a22002897a 4500
008 - FIXED-LENGTH DATA ELEMENTS--GENERAL INFORMATION
fixed length control field 260416b xxu||||| |||| 00| 0 eng d
040 ## - CATALOGING SOURCE
Transcribing agency Cagayan State University
082 ## - DEWEY DECIMAL CLASSIFICATION NUMBER
Classification number 791.4372
Item number B115 2022
245 ## - TITLE STATEMENT
Title Babylon /
Statement of responsibility, etc directed and written by Damien Chazelle ; produced by Marc Platt, Matthew Plouffe, and Olivia Hamilton.
260 ## - PUBLICATION, DISTRIBUTION, ETC. (IMPRINT)
Place of publication, distribution, etc Los Angeles, CA :
Name of publisher, distributor, etc Paramount Home Entertainment,
Date of publication, distribution, etc 2022.
300 ## - PHYSICAL DESCRIPTION
Extent 1 videofile, (ca. 189 min.) :
Other physical details sound, color.
520 ## - SUMMARY, ETC.
Summary, etc An original epic set in 1920s Los Angeles led by Brad Pitt, Margot Robbie and Diego Calva, with an ensemble cast including Jovan Adepo, Li Jun Li and Jean Smart. A tale of outsized ambition and outrageous excess, it traces the rise and fall of multiple characters during an era of unbridled decadence and depravity in early Hollywood.
521 ## - TARGET AUDIENCE NOTE
Target audience note Rated R for strong and crude sexual content, graphic nudity, bloody violence, drug use, and pervasive language.
546 ## - LANGUAGE NOTE
Language note In English subtitle.
650 ## - SUBJECT ADDED ENTRY--TOPICAL TERM
Topical term or geographic name as entry element Hollywood
General subdivision Drama
Chronological subdivision History
Geographic subdivision California
650 ## - SUBJECT ADDED ENTRY--TOPICAL TERM
Topical term or geographic name as entry element Drama
Chronological subdivision Nineteen twenties
700 ## - ADDED ENTRY--PERSONAL NAME
Personal name Chazelle, Damien, director and writter.
700 ## - ADDED ENTRY--PERSONAL NAME
Personal name Platt, Marc, producer.
700 ## - ADDED ENTRY--PERSONAL NAME
Personal name Plouffe, Matthew, producer.
700 ## - ADDED ENTRY--PERSONAL NAME
Personal name Hamilton, Olivia, producer.
700 ## - ADDED ENTRY--PERSONAL NAME
Personal name Pitt, Brad, star.
700 ## - ADDED ENTRY--PERSONAL NAME
Personal name Robbie, Margot, star.
700 ## - ADDED ENTRY--PERSONAL NAME
Personal name Calva, Diego, star.
700 ## - ADDED ENTRY--PERSONAL NAME
Personal name Li, Jun Li, star.
700 ## - ADDED ENTRY--PERSONAL NAME
Personal name Adepo, Jovan, star.
942 ## - ADDED ENTRY ELEMENTS (KOHA)
Source of classification or shelving scheme
Item type Audio-Visual Materials
Holdings
Source of acquisition Price effective from Permanent location Date last seen Not for loan Date acquired Source of classification or shelving scheme Koha item type Collection code Shelving location Damaged status Lost status Withdrawn status Current location Full call number
Donation2026-04-16Cagayan State University - Carig Library2026-04-16 2026-04-16 Audio-Visual MaterialsElectronic Media CenterAudio Visual   Cagayan State University - Carig Library791.4372 B115 2022

Cagayan State University University Library, Carig Campus
Tuguegarao City, Cagayan 3500 | www.csucarig.edu.ph

Powered by Koha